| 000 | 00793nam a2200205Ii 4500 | ||
|---|---|---|---|
| 003 | JO-AjNU | ||
| 008 | 230605s9999||||xx |||||||||||||| ||und|| | ||
| 040 |
_aJO-AjNU _bara _erda _cJO-AjNU |
||
| 041 | _aara | ||
| 050 | 1 | 4 | _aPJ6075 2000 |
| 100 | 3 |
_aتاليف العلم، ابراهيم؛م.مشارك: عمر شكارنه، زين العابدين العدواودة، محمود أبو كته, _eauthor _940087 |
|
| 245 | 0 | 0 | _aاللغة العربية نصوص ومهارات |
| 250 | _aط1 | ||
| 264 | 3 | 1 | _aبيت لحم: جامعة بيت لحم، 2000 |
| 300 | _a117ص | ||
| 336 |
_atext _btxt _2rdacontent |
||
| 337 |
_aunmediated _bn _2rdamedia |
||
| 338 |
_avolume _bnc _2rdacarrier |
||
| 650 | 4 |
_aاللغة العربية نصوص ومهارات-اللغة العربية _940088 |
|
| 999 |
_aA16983 _c20551 _d20551 |
||